000 00486cam a2200145 4500500
005 20260111094039.0
041 _afre
042 _adc
100 1 0 _aRégnier, Quentin
_eauthor
245 0 0 _aPartages de la perspective, Emmanuel Alloa, Fayard, 2020, 285 p., 25 €
260 _c2021.
500 _a13
786 0 _nEsprit | Septembre | 9 | 2021-09-13 | p. 140s-184s | 0014-0759
856 4 1 _uhttps://shs.cairn.info/revue-esprit-2021-9-page-140s?lang=fr&redirect-ssocas=7080
999 _c1627816
_d1627816